000 00498nam a2200133 4500
008 708 V686e
082 _a708
_bV686e
100 _aVignoli, Adriana
_97189
245 _aVāos:
_bensaios para uma utopia mutável
260 _aBrasília
_bFundo de Apoio a Cultura
_bSecretaria de Cultura
_bGoverno de Brasília
_c2016
300 _a58 p.
_bil. (col)
_c25 x 20 cm
650 _xarte contemporáneo
_xarte - exhibiciones
_xarte - instalación
_xarte - Brasil
_97190
700 _aNeves, Manuel (curaduría)
_97191
999 _c1853
_d1853